[Event "Hastings Masters op 98th"]
[Site "Hastings"]
[Date "2025.01.03"]
[Round "9"]
[White "Butt, Laurence"]
[Black "Bryant, Marc A"]
[Result "1-0"]
[WhiteElo "1818"]
[BlackElo "1825"]
[PlyCount "64"]
[EventDate "2024.12.28"]
[EventType "swiss"]
[EventRounds "9"]
[EventCountry "ENG"]
[SourceTitle "CB02_2025"]
[SourceDate "2025.01.08"]
[SourceVersion "1"]
[SourceVersionDate "2025.01.08"]
[SourceQuality "1"]

1. d4 Nf6 2. Bg5 d5 3. Nc3 Bf5 4. e3 Nbd7 5. Bd3 Bg6 6. Nf3 h6 7. Bxg6 hxg5 8. Bd3 e6 9. Nxg5 Bb4 10. Nf3 Ne4 11. Bxe4 dxe4 12. Nd2 Qg5 13. g3 f5 14. Qe2 Qe7 15. Nb5 Nb6 16. c3 Bd6 17. Nxd6+ cxd6 18. f3 d5 19. fxe4 dxe4 20. a4 Rc8 21. Qb5+ Kf7 22. 0-0 Rh3 23. Rxf5+ Kg6 24. Rf4 Rch8 25. Qe5 R8h5 26. Qxe4+ Kh6 27. Rf2 Nd5 28. Nf3 Nf6 29. Qd3 Ng4 30. Rg2 Qd6 31. Qe4 g5 32. Qxg4 Qd8 1-0

[Event "Hastings Masters op 98th"]
[Site "Hastings"]
[Date "2024.12.30"]
[Round "4"]
[White "Lee, Jungsoo"]
[Black "Bryant, Marc A"]
[Result "1-0"]
[WhiteElo "1705"]
[BlackElo "1825"]
[PlyCount "61"]
[EventDate "2024.12.28"]
[EventType "swiss"]
[EventRounds "9"]
[EventCountry "ENG"]
[SourceTitle "CB02_2025"]
[SourceDate "2025.01.08"]
[SourceVersion "1"]
[SourceVersionDate "2025.01.08"]
[SourceQuality "1"]

1. e4 e5 2. Nf3 Nc6 3. Bb5 Nce7 4. Nxe5 c6 5. Bc4 d5 6. exd5 Nxd5 7. 0-0 Ngf6 8. d4 Bd6 9. h3 Be6 10. Bd3 Qc8 11. Qf3 h6 12. Re1 g5 13. c4 Nf4 14. Bxf4 gxf4 15. Nc3 Rg8 16. Kh1 Rg5 17. Bf1 Qc7 18. Nxc6 bxc6 19. d5 Rb8 20. dxe6 fxe6 21. Rxe6+ Kf7 22. Rxf6+ Kxf6 23. Ne4+ Ke7 24. Nxg5 hxg5 25. Qg4 Kf6 26. Re1 Qc8 27. Qf3 Be5 28. Bd3 Rxb2 29. Qh5 Qe6 30. Qh8+ Kf7 31. Rxe5 1-0

[Event "Hastings Masters op 95th"]
[Site "Hastings"]
[Date "2020.01.03"]
[Round "7"]
[White "Jukes, Sam"]
[Black "Bryant, Marc A"]
[Result "1-0"]
[WhiteElo "1906"]
[BlackElo "1823"]
[PlyCount "116"]
[EventDate "2019.12.28"]
[EventType "swiss"]
[EventRounds "9"]
[EventCountry "ENG"]
[SourceTitle "CBM 194 Extra"]
[Source "ChessBase"]
[SourceDate "2020.03.31"]
[SourceVersion "1"]
[SourceVersionDate "2020.03.31"]
[SourceQuality "1"]

1. e4 e5 2. Nf3 Nc6 3. Bc4 Nf6 4. d3 h6 5. c3 d5 6. exd5 Nxd5 7. 0-0 Bg4 8. Re1 Qd6 9. Nbd2 f6 10. Ne4 Qd7 11. h3 Bh5 12. Ng3 Bf7 13. d4 Nb6 14. Bxf7+ Kxf7 15. Qb3+ Qe6 16. Qxe6+ Kxe6 17. dxe5 Nxe5 18. Nxe5 fxe5 19. Be3 Nc4 20. b3 Nxe3 21. Rxe3 Bc5 22. Re2 Rhf8 23. Rae1 Kd7 24. Ne4 Bb6 25. Nd2 Rf5 26. Nf3 Re8 27. Rxe5 Rexe5 28. Rxe5 Rxe5 29. Nxe5+ Ke6 30. Nd3 c6 31. g4 Kd5 32. Kf1 Ke4 33. Ke2 g5 34. f3+ Kd5 35. f4 gxf4 36. Kf3 Ke6 37. Kxf4 Bc7+ 38. Ke4 Kf6 39. Nf4 Bd6 40. c4 a5 41. Ne2 Bc5 42. Ng3 Kg5 43. Kf3 Ba3 44. Nf5 b5 45. cxb5 cxb5 46. Nd4 Bb4 47. Nxb5 Kh4 48. Kg2 h5 49. gxh5 Kxh5 50. Nd4 Bc3 51. Nc6 Kg5 52. Kf3 Kf5 53. Ke3 Ke6 54. Kd3 Be1 55. Kc4 a4 56. b4 Kd6 57. Kb5 a3 58. Na5 Kd5 1-0